Online
Catalog

Antologia / (Record no. 4915)

MARC details
000 -CABECERA
campo de control de longitud fija 00818cam a2200229 a 4500
001 - NÚMERO DE CONTROL
campo de control 000005112
005 - FECHA Y HORA DE LA ÚLTIMA TRANSACCIÓN
campo de control 20200929151601.0
008 - DATOS DE LONGITUD FIJA--INFORMACIÓN GENERAL
campo de control de longitud fija 810226s1966 pr 000 0 spa
010 ## - NÚMERO DE CONTROL DE LA BIBLIOTECA DEL CONGRESO
Número de control de LC 74225185
040 ## - FUENTE DE LA CATALOGACIÓN
Centro catalogador/agencia de origen DO-SdBNP
Centro/agencia transcriptor CarP
Centro/agencia modificador DLC
082 ## - NÚMERO DE LA CLASIFICACIÓN DECIMAL DEWEY
Número de clasificación PR861.08
Número de documento/Ítem A473a
100 1# - ENTRADA PRINCIPAL--NOMBRE DE PERSONA
Nombre de persona Alvarez Marrero, Francisco,
Fechas asociadas al nombre 1847-1881
9 (RLIN) 14653
245 10 - MENCIÓN DE TÍTULO
Título Antologia /
Mención de responsabilidad, etc. Francisco Alvarez Marrero; Seleccion notas y prologo de: Cesareo Rosa-Nieves.
260 ## - PUBLICACIÓN, DISTRIBUCIÓN, ETC.
Lugar de publicación, distribución, etc. [San Juan, P.R.] :
Nombre del editor, distribuidor, etc. Ateneo Puertorriqueno,
Fecha de publicación, distribución, etc. [1966].
300 ## - DESCRIPCIÓN FÍSICA
Extensión 103 p. ;
Dimensiones 22 cm.
440 #0 - MENCIÓN DE SERIE/PUNTO DE ACCESO ADICIONAL--TÍTULO
Título Cuaderno de poesía
Designación de volumen o secuencia 19
9 (RLIN) 14654
610 14 - PUNTO DE ACCESO ADICIONAL DE MATERIA--NOMBRE DE ENTIDAD CORPORATIVA
Nombre de entidad corporativa o nombre de jurisdicción como elemento de entrada ALVAREZ MARRERO, FRANCISCO
Fecha del congreso/reunión o de la firma de un tratado 1847-1881
9 (RLIN) 14655
650 #4 - PUNTO DE ACCESO ADICIONAL DE MATERIA--TÉRMINO DE MATERIA
Término de materia o nombre geográfico como elemento de entrada Poesía puertorriqueña
9 (RLIN) 1015
650 #4 - PUNTO DE ACCESO ADICIONAL DE MATERIA--TÉRMINO DE MATERIA
Término de materia o nombre geográfico como elemento de entrada Literatura puertorriqueña
9 (RLIN) 250
700 1# - PUNTO DE ACCESO ADICIONAL--NOMBRE DE PERSONA
Nombre de persona Rosa-Nieves, Cesario
Término indicativo de función/relación prol.
9 (RLIN) 14656
910 ## - DATOS DE OPCIÓN DEL USUARIO (OCLC)
Datos de opción del usuario Catalogación por copia / LC
Holdings
Estado de retiro Estado de pérdida Restricciones de uso No para préstamo Código de colección Localización permanente Ubicación/localización actual Ubicación en estantería Fecha de adquisición Número de inventario Total de préstamos Signatura topográfica completa Código de barras Fecha visto por última vez Precio válido a partir de Tipo de ítem Koha
    Préstamo interno   Monografías: Libros y Folletos General General En catalogación 29.07.2009 LF1   PR861.08 A473a 5112-10 25.06.2020 25.06.2020 Préstamo interno

Powered by Koha